000 00398nam a2200145Ia 4500
008 230917s9999||||xx |||||||||||||| ||und||
040 _e82858
_aMAIN
041 _aEnglish
082 _a150.9 L471H
100 _aLeahey, Thomas Hardy
245 0 _aHistory of Psychology: Main current in psychological thought
260 _aNew Jersey
_bPrentice-Hall
_c1992
300 _axxii, 504 p.
942 _cBK
999 _c90073
_d90073